000 00464nam a2200181Ia 4500
003 GCL
008 140319s9999 xx 000 0 eng d
040 _aGCL /
_cGCL
082 0 4 _a629.13252
_bB A
100 1 _aBURTON, MIKE
245 1 0 _aADVANCED FLYING SYSTEMS /
_cBURTON, MIKE
260 _a[S.N] :
_bAIRLIFE PUBLISHING ،
_c1993
300 _a112p
650 0 4 _aAIRPLANES
650 0 4 _aFLYINY MACHINES
650 0 4 _aHUMAN POWER AIRERAFT
942 _2ddc
_cBK
999 _c11176
_d11176